000 01040nam a2200265Ia 4500
003 OSt
005 20221005103906.0
006 a|||||r|||| 00| 0
007 ta
008 221004b |||||||| |||| 00| 0 hin d
020 _a9788188790876 (hbk)
_c300
024 _a15903
037 _bBL171, 07/01/2015, K. K. Publications
_cTextual
040 _aCRL
_cCRL
_bhin
041 _2hin
_ahin
082 _aO152,2N4410,TB, Q4
100 _aशर्मा, गोपाल कृष्ण, ‘फिरोजपुरी’
_9623706
245 0 _aत्रिमूर्ति बलिदान
246 _aTrimūrti balidāna
260 _aदिल्ली
_bकल्पना प्रकाशन भारत
_c2014
300 _a55पृ0
_ccm.
650 _aहिन्दी साहित्य
942 _hO152,2N4410,TB, Q4
_cTEXL
_2cc
999 _c1011178
_d1011178